[Event "GRE-ch Online Blitz op 1st"]
[Site "Tornelo INT"]
[Date "2021.02.07"]
[Round "10"]
[White "Giouvantsioudis, Konstantinos"]
[Black "Lykouriotis, Pantelis"]
[Result "1-0"]
[WhiteElo "1629"]
[BlackElo "1848"]
[PlyCount "73"]
[EventDate "2021.02.07"]
[EventType "swiss (blitz)"]
[EventRounds "16"]
[EventCountry "GRE"]
[SourceTitle "EXT 2023"]
[Source "ChessBase"]
[SourceDate "2022.10.05"]
[SourceVersion "1"]
[SourceVersionDate "2022.10.05"]
[SourceQuality "1"]

1. d4 Nf6 2. c4 e6 3. Bg5 Be7 4. e3 d5 5. Nf3 0-0 6. Nc3 Nbd7 7. Rc1 b6 8. cxd5 exd5 9. Bd3 Bb7 10. 0-0 c5 11. dxc5 bxc5 12. Bb1 Re8 13. Qc2 g6 14. Rfd1 Rc8 15. Nb5 Qb6 16. Nc3 Bf8 17. Na4 Qa5 18. b3 Ne4 19. Bf4 Bg7 20. Qe2 Bc6 21. Bxe4 dxe4 22. Nd2 Bxa4 23. bxa4 Nb6 24. Nb3 Qxa4 25. Nxc5 Qa5 26. Nb3 Qa4 27. Rc2 Rxc2 28. Qxc2 Qc4 29. Qb1 Rc8 30. Nd2 Qe6 31. Nxe4 Nd5 32. Bg3 f5 33. Nd6 Rd8 34. Nb7 Rb8 35. Bxb8 Nc3 36. Rd8+ Kf7 37. Qb3 1-0

[Event "GRE-ch Online Blitz op 1st"]
[Site "Tornelo INT"]
[Date "2021.02.07"]
[Round "2"]
[White "Gkavardinas, Christos Konstantin"]
[Black "Lykouriotis, Pantelis"]
[Result "1-0"]
[WhiteElo "1353"]
[BlackElo "1848"]
[PlyCount "167"]
[EventDate "2021.02.07"]
[EventType "swiss (blitz)"]
[EventRounds "16"]
[EventCountry "GRE"]
[SourceTitle "EXT 2023"]
[Source "ChessBase"]
[SourceDate "2022.10.05"]
[SourceVersion "1"]
[SourceVersionDate "2022.10.05"]
[SourceQuality "1"]

1. d4 Nf6 2. c4 e6 3. Nc3 d5 4. Bg5 Nbd7 5. e3 c6 6. cxd5 exd5 7. Bd3 Be7 8. Nf3 0-0 9. 0-0 Re8 10. Rc1 Nf8 11. a3 Bg4 12. h3 Bh5 13. Be2 N8d7 14. b4 a6 15. Na4 Ne4 16. Bxe7 Qxe7 17. Nc5 Ndxc5 18. bxc5 Rad8 19. Rb1 Nc3 20. Qc2 Nxb1 21. Rxb1 Bg6 22. Bd3 Bxd3 23. Qxd3 Qe4 24. Qxe4 dxe4 25. Ne5 Re7 26. Nc4 g6 27. Nd6 Rdd7 28. Nc8 Re6 29. Nd6 Ree7 30. Nc8 Re8 31. Nd6 Rb8 32. Rb6 f5 33. a4 a5 34. Nc4 Ra8 35. Nd6 Ra7 36. Nc8 Ra6 37. Rb3 Ra8 38. Nb6 Rad8 39. Nxd7 Rxd7 40. Kf1 Kf7 41. Rb6 Ke6 42. Ke2 Kd5 43. f3 exf3+ 44. gxf3 Re7 45. Kd3 h6 46. Rb2 g5 47. Re2 Ke6 48. e4 Rd7 49. exf5+ Kxf5 50. Re4 h5 51. Ke3 Rf7 52. Kf2 Rd7 53. Ke3 Kf6 54. Re5 h4 55. Re8 Rf7 56. Re4 Rd7 57. Re8 Rf7 58. Re5 Rd7 59. Ke4 Rf7 60. Rf5+ Kg6 61. Rxf7 Kxf7 62. Kf5 Ke7 63. Kxg5 Ke6 64. Kxh4 Kd5 65. Kg5 Kxd4 66. h4 Kxc5 67. h5 Kb4 68. h6 c5 69. h7 c4 70. h8Q c3 71. Qh1 Kb3 72. Qb1+ Kxa4 73. Qc2+ Kb4 74. Kf4 Kc4 75. Ke3 b5 76. Qa2+ Kb4 77. Kd3 a4 78. f4 Kc5 79. Kxc3 b4+ 80. Kd3 Kb5 81. Qc4+ Ka5 82. f5 b3 83. f6 b2 84. Qc3+ 1-0

[Event "GRE-ch Online Blitz op 1st"]
[Site "Tornelo INT"]
[Date "2021.02.07"]
[Round "9"]
[White "Lykouriotis, Pantelis"]
[Black "Kiousi, Panagiota"]
[Result "1-0"]
[WhiteElo "1848"]
[BlackElo "1420"]
[PlyCount "89"]
[EventDate "2021.02.07"]
[EventType "swiss (blitz)"]
[EventRounds "16"]
[EventCountry "GRE"]
[SourceTitle "EXT 2023"]
[Source "ChessBase"]
[SourceDate "2022.10.05"]
[SourceVersion "1"]
[SourceVersionDate "2022.10.05"]
[SourceQuality "1"]

1. e4 c5 2. Nf3 d6 3. Bb5+ Nd7 4. a4 a6 5. Bc4 e6 6. 0-0 Ngf6 7. Nc3 Be7 8. Re1 0-0 9. d4 cxd4 10. Nxd4 Qc7 11. Ba2 Ne5 12. f4 Nc4 13. Qd3 Nb6 14. h3 e5 15. Nf5 Bxf5 16. exf5 exf4 17. Bxf4 Rfd8 18. Rad1 Rac8 19. a5 Nbd7 20. Rxe7 Qxa5 21. Rxf7 Kh8 22. Re7 Rxc3 23. Qxc3 Qxa2 24. Bg5 Qa4 25. Bxf6 Nxf6 26. Qg3 Rg8 27. Qxd6 Qh4 28. Qd4 Qg5 29. Re2 Qxf5 30. Rf2 Qb5 31. Rxf6 Qe8 32. Rff1 Qg6 33. Qd3 Qe6 34. Rfe1 Qb6+ 35. Kh1 Qc7 36. Re4 h6 37. Rd4 Qf7 38. Rd8 Rf8 39. Rxf8+ Qxf8 40. Qd8 Kg8 41. Qxf8+ Kxf8 42. Rd7 b5 43. Ra7 b4 44. Rxa6 g5 45. Rb6 1-0

[Event "GRE-ch Online Blitz op 1st"]
[Site "Tornelo INT"]
[Date "2021.02.07"]
[Round "11"]
[White "Lykouriotis, Pantelis"]
[Black "Parastatidis, Charalampos"]
[Result "1-0"]
[WhiteElo "1848"]
[BlackElo "1399"]
[PlyCount "89"]
[EventDate "2021.02.07"]
[EventType "swiss (blitz)"]
[EventRounds "16"]
[EventCountry "GRE"]
[SourceTitle "EXT 2023"]
[Source "ChessBase"]
[SourceDate "2022.10.05"]
[SourceVersion "1"]
[SourceVersionDate "2022.10.05"]
[SourceQuality "1"]

1. e4 c5 2. Nf3 d6 3. Bb5+ Bd7 4. Bxd7+ Nxd7 5. 0-0 e6 6. Re1 Ngf6 7. c3 Be7 8. d4 cxd4 9. cxd4 0-0 10. Nc3 a6 11. Bf4 Re8 12. Qd2 Rc8 13. Rad1 b5 14. e5 dxe5 15. dxe5 Nh5 16. Be3 Nxe5 17. Nxe5 Qc7 18. Nf3 Red8 19. Qe2 Re8 20. Ne4 Nf4 21. Bxf4 Qxf4 22. Ng3 Bf6 23. b3 Qb4 24. Ne4 Be7 25. Qd2 Qa3 26. Neg5 Bb4 27. Qd3 g6 28. Rf1 Be7 29. Qe4 Qxa2 30. Qh4 h5 31. Qf4 Rf8 32. Ne4 Qxb3 33. Nf6+ Bxf6 34. Qxf6 Qc3 35. Qg5 Qc4 36. Rd4 Qe2 37. Rh4 Rc2 38. Rxh5 Rfc8 39. Rh6 Kg7 40. Rh4 a5 41. Rf4 Qxf1+ 42. Kxf1 Rc1+ 43. Ke2 Ra1 44. Qf6+ Kg8 45. Qxa1 1-0

[Event "GRE-ch Online Blitz op 1st"]
[Site "Tornelo INT"]
[Date "2021.02.07"]
[Round "13"]
[White "Lykouriotis, Pantelis"]
[Black "Stoimenidis, Dimitrios"]
[Result "1-0"]
[WhiteElo "1848"]
[BlackElo "1561"]
[PlyCount "57"]
[EventDate "2021.02.07"]
[EventType "swiss (blitz)"]
[EventRounds "16"]
[EventCountry "GRE"]
[SourceTitle "EXT 2023"]
[Source "ChessBase"]
[SourceDate "2022.10.05"]
[SourceVersion "1"]
[SourceVersionDate "2022.10.05"]
[SourceQuality "1"]

1. e4 e5 2. Nf3 Nc6 3. Bc4 Bc5 4. c3 Nf6 5. d3 d6 6. Nbd2 a6 7. Bb3 Ba7 8. 0-0 0-0 9. Re1 Ng4 10. Re2 Kh8 11. h3 Nh6 12. Nf1 f5 13. Bxh6 gxh6 14. d4 fxe4 15. Rxe4 d5 16. Rxe5 Nxe5 17. Nxe5 Qf6 18. Qd2 c6 19. Ne3 h5 20. Bc2 Be6 21. Rf1 Rae8 22. Qd3 Qg7 23. Kh1 Rg8 24. f4 Ref8 25. f5 Qg3 26. Rf3 Qe1+ 27. Kh2 Bb8 28. fxe6 Bxe5+ 29. dxe5 1-0

[Event "GRE-ch Online Blitz op 1st"]
[Site "Tornelo INT"]
[Date "2021.02.07"]
[Round "7"]
[White "Lykouriotis, Pantelis"]
[Black "Tsouchnikas, Georgios"]
[Result "1-0"]
[WhiteElo "1848"]
[BlackElo "1208"]
[PlyCount "97"]
[EventDate "2021.02.07"]
[EventType "swiss (blitz)"]
[EventRounds "16"]
[EventCountry "GRE"]
[SourceTitle "EXT 2023"]
[Source "ChessBase"]
[SourceDate "2022.10.05"]
[SourceVersion "1"]
[SourceVersionDate "2022.10.05"]
[SourceQuality "1"]

1. e4 g6 2. d4 Bg7 3. Nc3 d6 4. Be3 Nd7 5. Qd2 b6 6. 0-0-0 Bb7 7. Bb5 a6 8. Bxd7+ Qxd7 9. f3 e6 10. Nge2 0-0-0 11. d5 exd5 12. Nxd5 Ne7 13. Nec3 f5 14. Bg5 Nxd5 15. Nxd5 Rde8 16. Bf6 fxe4 17. Bxg7 Qxg7 18. fxe4 Rxe4 19. Rhe1 Rhe8 20. Rxe4 Rxe4 21. Qg5 Re5 22. Qg4+ Kb8 23. Nc3 Qh6+ 24. Kb1 Qxh2 25. Qd7 Bc8 26. Qg7 Qxg2 27. Qxh7 Rh5 28. Qg8 Kb7 29. a4 Bf5 30. Rc1 Ka7 31. Qf7 Kb7 32. a5 b5 33. Nd5 Kc6 34. Qxc7+ Kxd5 35. Qb7+ Ke5 36. Qxg2 Ke6 37. Re1+ Kf6 38. Qb7 d5 39. Qb6+ Kg5 40. Qxa6 d4 41. Qxb5 Kg4 42. Qe2+ Kg5 43. Rg1+ Kf6 44. Qd2 g5 45. Qxd4+ Kg6 46. Qd6+ Kh7 47. Qe7+ Kh6 48. Qf6+ Kh7 49. Qxf5+ 1-0

[Event "GRE-ch Online Rapid op 1st"]
[Site "Tornelo INT"]
[Date "2021.02.06"]
[Round "5"]
[White "Lykouriotis, Pantelis"]
[Black "Hartofylakas, Spyros"]
[Result "1-0"]
[WhiteElo "1869"]
[BlackElo "1556"]
[PlyCount "103"]
[EventDate "2021.02.06"]
[EventType "swiss (rapid)"]
[EventRounds "8"]
[EventCountry "GRE"]
[SourceTitle "EXT 2023"]
[Source "ChessBase"]
[SourceDate "2022.10.05"]
[SourceVersion "1"]
[SourceVersionDate "2022.10.05"]
[SourceQuality "1"]

1. e4 e5 2. Nf3 Nc6 3. Bc4 Bc5 4. c3 Nf6 5. d3 a6 6. Bb3 d6 7. Nbd2 Ba7 8. 0-0 Qe7 9. Re1 Ng4 10. Re2 Be6 11. h3 Nf6 12. Nf1 h6 13. Be3 g5 14. N3h2 g4 15. hxg4 Nxg4 16. Bxa7 Nxh2 17. Nxh2 Nxa7 18. Bxe6 fxe6 19. Re3 0-0-0 20. a4 d5 21. exd5 exd5 22. Qe2 Nc6 23. Nf3 Rhg8 24. Nxe5 Qg7 25. g3 Ne7 26. d4 Rdf8 27. Qh5 Rf5 28. Qh3 h5 29. Nf3 Qg4 30. Qxg4 hxg4 31. Rxe7 gxf3 32. Rh7 Re8 33. Kf1 Rf6 34. Re1 Ref8 35. Ree7 Rc6 36. Ref7 Rf6 37. Rxf8+ Rxf8 38. Re7 Rh8 39. Kg1 Rf8 40. Re3 Kd7 41. g4 Rf4 42. Kh2 b5 43. axb5 axb5 44. Kg3 Rf7 45. Rxf3 Re7 46. Re3 Rg7 47. f4 Kd6 48. f5 c5 49. Re6+ Kd7 50. dxc5 Rf7 51. Rd6+ Kc7 52. Rxd5 1-0

[Event "GRE ESSPEP-ch 12th"]
[Site "Kalamata"]
[Date "2016.04.27"]
[Round "5"]
[White "Lykouriotis, Pantelis"]
[Black "Moutzouris, Emanouel"]
[Result "1/2-1/2"]
[WhiteElo "1923"]
[BlackElo "1767"]
[PlyCount "42"]
[EventDate "2016.04.25"]
[EventType "swiss"]
[EventRounds "5"]
[EventCountry "GRE"]
[SourceTitle "EXT 2024"]
[Source "ChessBase"]
[SourceDate "2023.10.10"]
[SourceVersion "1"]
[SourceVersionDate "2023.10.10"]
[SourceQuality "1"]

1. e4 e6 2. d3 b6 3. Nd2 c5 4. g3 Bb7 5. Bg2 d5 6. Ne2 Nf6 7. 0-0 Nc6 8. Nc3 Be7 9. Nf3 dxe4 10. dxe4 0-0 11. Bf4 Qxd1 12. Rfxd1 Nb4 13. Ne1 Rfd8 14. a3 Nc6 15. e5 Ne8 16. Nb5 Kf8 17. a4 Na5 18. Bxb7 Nxb7 19. c3 a6 20. Na3 Na5 21. Nf3 Nc7 1/2-1/2